| 000 | 01230nam a2200241Ia 4500 | ||
|---|---|---|---|
| 003 | Ost | ||
| 005 | 20260507075802.0 | ||
| 008 | 260507s9999||||xx |||||||||||||| ||und|| | ||
| 020 | _a97742213700 | ||
| 040 | _cfsecg | ||
| 041 | _aara | ||
| 082 | _a332.46 | ||
| 100 |
_aالسويدي، سهام محمد _eمؤلف |
||
| 245 | 0 |
_aاستقلالية البنوك المركزية ودورها في فعالية السياسة النقدية في الدول العربية : _bدراسة مقارنة / _c سهام محمد السويدي |
|
| 260 |
_aالاسكندرية : _bالدار الجامعية, _c2010 |
||
| 300 |
_a207 صفحة؛ _bإيضاحات ؛ _c23 سم |
||
| 504 | _aبيبليوغرافيا: ص ص.187-197 الملاحق ص.199 | ||
| 520 | _aيضم الإطار النظري لإستقلالية البنك المركزي، أثر إستقلالية البنك المركزي على الاستقرار النقدي، استقلالية بعض البنوك المركزية العربية ومدى فعالية السياسة النقدية فيها. | ||
| 653 | _aالبنوك المركزية | ||
| 653 | _aالسياسة النقدية | ||
| 653 | _aالنظام النقدي | ||
| 942 | _cكتاب | ||
| 999 |
_c46315 _d46315 |
||